ბათუმის შოთა რუსთაველის სახელმწიფო უნივერსიტეტის ბიბლიოთეკა

კარტოგრაფიული კონცეფციები = Картографические концепции = Cartographical concepts : (ბიბ.ჩანაწერი № 50638)

000 -ლიდერი
ფიქსირებული სიგრძის საკონტროლო ველი 01320nam a2200265Ia 4500
001 - საკონტროლო ნომერი
საკონტროლო ველი 17588
003 - საკონტროლო ნომრის იდენტიფიკატორი
საკონტროლო ველი GE_BSU
005 - ბოლო ოპერაციის თარიღი და დრო
საკონტროლო ველი 20200220110924.0
008 - ფიქსირებული სიგრძის მონაცემთა ელემენტები - ზოგადი ინფორმაცია
ფიქსირებული სიგრძის საკონტროლო ველი 181216s2012ge xx |||||||||||||| ||geo||
020 ## - წიგნის საერთაშორისო სტანდარტული ნომერი
International Standard Book Number 978-9941-0-4636-0
040 ## - კატალოგიზაციის წყარო
Transcribing agency GE_BSU
041 ## - ენის კოდი
Language code of text/sound track or separate title geo
080 ## - უნივერსალური ათობითი კლასიფიკაციის ინდექსი
Universal Decimal Classification number 528.9 გ-70
100 ## - მთავარი ჩანაწერი - პიროვნების სახელი
Personal name გორდეზიანი, თენგიზ.
9 (RLIN) 7200
245 ## - ცნობა სათაურის შესახებ
Title კარტოგრაფიული კონცეფციები = Картографические концепции = Cartographical concepts :
Remainder of title (თეორიული ანალიზი) /
Statement of responsibility, etc თენგიზ გორდეზიანი ; რედ. ვლადიმირ ტიკუნოვი ; ჯანსუღ კეკელია .
264 ## - წარმოების, გამოცემის, დისტრიბუციის და სხვა ცნობები
გამოცემის, წარმოების, დისტრიბუციის... ადგილი თბილისი :
გამოცემის, წარმოების, დისტრიბუციის... სახელწოდება [გეოიდი-2011],
გამოცემის, წარმოების, დისტრიბუციის... თარიღი 2012.
300 ## - ფიზიკური აღწერა
Extent 193 გვ;
Dimensions 20 სმ.
504 ## - BIBLIOGRAPHY, ETC. NOTE
Bibliography, etc ბიბლიოგრ.: გვ. 182-192.
546 ## - LANGUAGE NOTE
Language note თავფურ. ქართ., რუს. და ინგლ..
653 ## - INDEX TERM--UNCONTROLLED
Uncontrolled term კარტოგრაფია
653 ## - INDEX TERM--UNCONTROLLED
Uncontrolled term გეოგრაფია
700 ## - ADDED ENTRY--PERSONAL NAME
Personal name ტიკუნოვი, ვლადიმირ
Relator term რედაქტორი
9 (RLIN) 7201
700 ## - ADDED ENTRY--PERSONAL NAME
Personal name კეკელია, ჯანსუღ
Relator term რედაქტორი
9 (RLIN) 7202
942 ## - ADDED ENTRY ELEMENTS (KOHA)
Koha item type წიგნი
Source of classification or shelving scheme
ეგზემპლარები
ჩამოწერის სტატუსი დაკარგული ეგზემპლარის სტატუსი კლასიფიკაციის წყარო ან თაროზე გაწყობის სქემა დაზიანების სტატუსი არ გაიცემა მუდმივი მდებარეობა (დაცვის ადგილი) ამჟამინდელი ადგილსამყოფელი თაროზე განთავსების ადგილი შეძენის თარიღი სრული შენახვის შიფრი შტრიხკოდი ბოლო ოპერაციის თარიღი ეგზემპლარის მიმდევრობითი ნომერი (კეტერი?) ფასის ძალაში შესვლის თარიღი ეგზემპლარის სახეობა
          ბათუმის შოთა რუსთაველის სახელმწიფო უნივერსიტეტის მთავარი ბიბლიოთეკა ბათუმის შოთა რუსთაველის სახელმწიფო უნივერსიტეტის მთავარი ბიბლიოთეკა წიგნსაცავი 2018-12-17 528.9 გ-70 45608 2018-12-17 45608 2018-12-17 წიგნი